Premier Ministre de la Vème République par images - Statistiques

Statistiques générales
  • Ce quiz a été pris 153 fois
  • Le résultat moyen est 16 sur 26
Statistiques - réponses
Hint Extra Hint Réponse % Correct
Michel Barnier Cliquez sur le bon portrait
92%
Élisabeth Borne Cliquez sur le bon portrait
92%
Gabriel Attal Cliquez sur le bon portrait
91%
Manuel Valls Cliquez sur le bon portrait
88%
François Fillon Cliquez sur le bon portrait
86%
Jean Castex Cliquez sur le bon portrait
86%
Édith Cresson Cliquez sur le bon portrait
82%
Georges Pompidou Cliquez sur le bon portrait
78%
Lionel Jospin Cliquez sur le bon portrait
75%
Édouard Philippe Cliquez sur le bon portrait
75%
Dominique de Villepin Cliquez sur le bon portrait
72%
Jacques Chirac Cliquez sur le bon portrait
69%
Bernard Cazeneuve Cliquez sur le bon portrait
68%
Jean-Marc Ayrault Cliquez sur le bon portrait
58%
Alain Juppé Cliquez sur le bon portrait
50%
Laurent Fabius Cliquez sur le bon portrait
47%
Édouard Balladur Cliquez sur le bon portrait
45%
Jean-Pierre Raffarin Cliquez sur le bon portrait
44%
Pierre Bérégovoy Cliquez sur le bon portrait
44%
Michel Rocard Cliquez sur le bon portrait
37%
Jacques Chaban-Delmas Cliquez sur le bon portrait
36%
Michel Debré Cliquez sur le bon portrait
34%
Pierre Messmer Cliquez sur le bon portrait
30%
Raymond Barre Cliquez sur le bon portrait
26%
Pierre Mauroy Cliquez sur le bon portrait
26%
Maurice Couve de Murville Cliquez sur le bon portrait
23%
Aucun quiz correspondant
Distribution des résultats
% des personnes avec chaque résultat
Percentile par nombre de réponses
Votre historique - résultats
Vous n’avez pas pris ce quiz